000
00208nam a22000857a 4500
999
_c
11009
_d
11009
008
180719b ||||| |||| 00| 0 eng d
100
_a
Kipling
_9
6799
245
_a
Jungle Book
260
_a
New Delhi
_b
Campfire
_c
2016